U.S. States With the Most Ghost Towns 👻 - Statistics

General Stats
  • This quiz has been taken 48 times
  • The average score is 7 of 9
Answer Stats
# of Abandoned Towns U.S. State % Correct
2 Arizona
86%
4 California
86%
3 Texas
86%
2 Wyoming
80%
2 Colorado
77%
11 Montana
77%
8 South Dakota
77%
5 Alaska
70%
4 Missouri
48%
No matching quizzes found
Score Distribution
Percent of People with Each Score
Percentile by Number Answered
Your Score History
You have not taken this quiz